Statistiques concernant Types de sportifs

Cliquez ici pour prendre le quiz!

Statistiques générales

  • Ce quiz a été pris 381 fois
  • Le résultat moyen est 9 sur 12

Statistiques - réponses

SportifsSport% Correct
Florent Manaudou, Léon Marchand, Mehdy MetellaNatation
99%
Benoît Paire, Adrian Mannarino, Pierre-Hugues HerbertTennis
97%
Nando de Colo, Rudy Gobert, Evan FournierBasketball
95%
Luka Mhkeidze, Kilian Le Blouch, Teddy RinerJudo
95%
Roman Taofifenua, Antoine Dupont, Romain NtamackRugby
95%
Arnaud Démare, Romain Bardet, David GauduCyclisme
86%
Jean Patry, Earvin Ngapeth, Antoine BrizardVolley-ball
86%
Vincent Gerard, Valentin Porte, Dika MemHandball
84%
Emilien Jacquelin, Quentin Fillon Maillet, Fabien ClaudeBiathlon
70%
Yannick Borel, Romain Cannone, Alexandre BardenetEscrime
61%
Samir Aït Saïd, Quentin Bègue, Arthur BallonGymnastique
45%
Jean Philippe Frances, Vincent Gaudriot, Melody TheolissatEquitation
31%

Distribution des résultats

Percentile par nombre de réponses

% des personnes avec chaque résultat

Votre développement - résultats

Vous n’avez pas pris ce quiz